|
|
|
|
| LEADER |
00000cjm a2200000 a 4500 |
| 001 |
vtls010186929 |
| 003 |
SK-MaSNL |
| 005 |
20260301172743.0 |
| 007 |
sd fsngnnmmned |
| 008 |
101108p2010 xr rcndg eng |
| 028 |
0 |
1 |
|a 8869745570215
|b Sony Music Entertainment
|
| 040 |
|
|
|a SNK
|b slo
|c SNK
|e AACR2
|
| 041 |
0 |
|
|d eng
|
| 044 |
|
|
|a xr
|c CZ
|
| 072 |
|
7 |
|a 784
|x Vokálna hudba
|2 konspekt
|
| 080 |
|
|
|a 784.4
|2 2001
|
| 080 |
|
|
|a 78.036
|2 2001
|
| 080 |
|
|
|a (086.76)
|2 2001
|
| 110 |
2 |
|
|a Metallica (hudobná skupina)
|4 aut
|9 110529
|
| 245 |
1 |
4 |
|a The blackest album
|h zvukový záznam
|b an industrial tribute to Metallica
|
| 260 |
|
|
|a Česko
|b Sony Music Entertainment Czech Republic
|c 2010
|
| 300 |
|
|
|a 1 zvuková platňa (60 min.)
|b digitál.
|c 12 cm
|
| 306 |
|
|
|a 010000
|
| 500 |
|
|
|a Príloha denníka Nový čas
|
| 500 |
|
|
|a Kompaktná platňa
|
| 500 |
|
|
|a Fonogram 1998 Purple Pyramid
|
| 505 |
0 |
|
|a Nothing else matters -- Battery -- The things that should not be -- For whom the bell tolls -- Master of puppets -- Damage inc. -- Whiplash -- Wherever i may roam -- Nothing else matters (elemental mix) -- The thing that should not be -- Seek and destroy -- Sad but true -- Battery (high voltage mix)
|
| 511 |
0 |
|
|a V podaní rôznych interpretov
|
| 650 |
0 |
7 |
|a rockové piesne
|2 SNKPH
|9 122106
|
| 655 |
|
7 |
|a kompaktné platne
|2 SNKPH
|9 70690
|
| 852 |
|
|
|a Štátna vedecká knižnica v Banskej Bystrici
|
| 999 |
|
|
|c 834621
|d 836551
|
| 952 |
|
|
|a SNK
|b SNK
|y PREZ
|7 0
|p 17A1172728
|o snkICD 1109
|i snk2015/28460
|8 1
|0 0
|1 0
|4 0
|d 2015-10-12
|l 0
|r 2026-02-24 03:49:57
|w 2026-02-24
|